<?xml version="1.0" encoding="UTF-8"?>
<record
    xmlns:xsi="http://www.w3.org/2001/XMLSchema-instance"
    xsi:schemaLocation="http://www.loc.gov/MARC21/slim http://www.loc.gov/standards/marcxml/schema/MARC21slim.xsd"
    xmlns="http://www.loc.gov/MARC21/slim">

  <leader>00612nam a22002051a 4500</leader>
  <controlfield tag="003">AR-RoIUNI</controlfield>
  <controlfield tag="005">20190313162212.0</controlfield>
  <controlfield tag="008">050902s1965    mx |||||||||||||| ||spa  </controlfield>
  <datafield tag="040" ind1=" " ind2=" ">
    <subfield code="a">AR-BaBN</subfield>
    <subfield code="c">IUNIR</subfield>
  </datafield>
  <datafield tag="080" ind1=" " ind2=" ">
    <subfield code="a">614.2 PER</subfield>
  </datafield>
  <datafield tag="100" ind1="1" ind2=" ">
    <subfield code="a">Perrod&#xED;n, Cecilia M.</subfield>
  </datafield>
  <datafield tag="245" ind1="1" ind2="0">
    <subfield code="a">Supervisi&#xF3;n de los servicios de enfermer&#xED;a</subfield>
  </datafield>
  <datafield tag="260" ind1=" " ind2=" ">
    <subfield code="a">M&#xE9;xico :</subfield>
    <subfield code="b">Centro Regional de Ayuda T&#xE9;cnica,</subfield>
    <subfield code="c">1965.</subfield>
  </datafield>
  <datafield tag="300" ind1=" " ind2=" ">
    <subfield code="a">407 p.</subfield>
    <subfield code="c">24 cm.</subfield>
  </datafield>
  <datafield tag="650" ind1="1" ind2="0">
    <subfield code="9">86</subfield>
    <subfield code="a">Enfermer&#xED;a</subfield>
  </datafield>
  <datafield tag="930" ind1=" " ind2="1">
    <subfield code="l">BNA01</subfield>
    <subfield code="m">LIBRO</subfield>
    <subfield code="6">00274350</subfield>
    <subfield code="8">20110912</subfield>
    <subfield code="f">11</subfield>
  </datafield>
  <datafield tag="942" ind1=" " ind2=" ">
    <subfield code="2">cdu</subfield>
    <subfield code="c">BK</subfield>
  </datafield>
  <datafield tag="956" ind1=" " ind2=" ">
    <subfield code="a">GSL</subfield>
    <subfield code="b">00</subfield>
    <subfield code="c">20110916</subfield>
    <subfield code="l">BNA01</subfield>
    <subfield code="h">0149</subfield>
  </datafield>
  <datafield tag="956" ind1=" " ind2=" ">
    <subfield code="a">GSL</subfield>
    <subfield code="c">20130614</subfield>
    <subfield code="l">BNA01</subfield>
    <subfield code="h">2144</subfield>
  </datafield>
  <datafield tag="999" ind1=" " ind2=" ">
    <subfield code="c">4354</subfield>
    <subfield code="d">4354</subfield>
  </datafield>
  <datafield tag="952" ind1=" " ind2=" ">
    <subfield code="0">0</subfield>
    <subfield code="1">0</subfield>
    <subfield code="2">cdu</subfield>
    <subfield code="4">0</subfield>
    <subfield code="5">1</subfield>
    <subfield code="7">0</subfield>
    <subfield code="8">ENF</subfield>
    <subfield code="a">BR</subfield>
    <subfield code="b">BR</subfield>
    <subfield code="c">BR</subfield>
    <subfield code="d">2021-08-06</subfield>
    <subfield code="i">5026</subfield>
    <subfield code="l">0</subfield>
    <subfield code="o">614.2 PER</subfield>
    <subfield code="p">5026c</subfield>
    <subfield code="r">2019-03-13 00:00:00</subfield>
    <subfield code="w">2019-03-13</subfield>
    <subfield code="y">BK</subfield>
  </datafield>
</record>
